[Event "Biella op-A 4th"]
[Site "Biella"]
[Date "2013.09.28"]
[Round "3"]
[White "Montilli, Vincenzo"]
[Black "Barlocco, Carlo"]
[Result "0-1"]
[WhiteElo "2023"]
[BlackElo "2093"]
[PlyCount "132"]
[EventDate "2013.09.27"]
[EventType "swiss"]
[EventRounds "5"]
[EventCountry "ITA"]
[SourceTitle "CBM 156 Extra"]
[Source "ChessBase"]
[SourceDate "2013.10.22"]
[SourceVersion "1"]
[SourceVersionDate "2013.10.22"]
[SourceQuality "1"]

1. d4 d5 2. c4 c6 3. Nc3 Nf6 4. Nf3 a6 5. e3 b5 6. b3 Bf5 7. Be2 h6 8. 0-0 e6 9. Bb2 Bd6 10. Bd3 Bxd3 11. Qxd3 Nbd7 12. e4 b4 13. e5 bxc3 14. Bxc3 Be7 15. exf6 Nxf6 16. c5 0-0 17. Ne5 Qc7 18. b4 Nd7 19. Rfe1 Nxe5 20. Rxe5 Bf6 21. Re2 Rfe8 22. Rae1 Qb7 23. a4 Reb8 24. Rb2 Ra7 25. g3 Qd7 26. Reb1 Rab7 27. Qxa6 Ra7 28. Qd3 Rxa4 29. b5 cxb5 30. Rxb5 Rxb5 31. Rxb5 g6 32. Rb6 Rc4 33. Rb4 Rxb4 34. Bxb4 Qa4 35. Bc3 Qb3 36. Qe3 Bg5 37. f4 Bf6 38. Qc1 Kf8 39. Qa1 Qc4 40. Kf2 h5 41. Ke3 Kg7 42. Qb2 Be7 43. Qb4 Qa2 44. Bb2 Qb1 45. Qb7 Bd8 46. Qb4 g5 47. c6 gxf4+ 48. gxf4 Qe4+ 49. Kd2 Qxf4+ 50. Kc2 Qxh2+ 51. Kb3 Qh3+ 52. Ka2 Qd3 53. Qd6 Ba5 54. Qh2 Qc4+ 55. Kb1 Qxc6 56. Qxh5 Qb5 57. Qg5+ Kf8 58. Qh6+ Ke7 59. Qg5+ Kd7 60. Qf4 Ke8 61. Ka2 Bb4 62. Qf6 Be7 63. Qh8+ Kd7 64. Qa8 Bd8 65. Qa7+ Bc7 66. Qa8 Qa5+ 0-1

[Event "Cesenatico op 17th"]
[Site "Cesenatico"]
[Date "2013.09.07"]
[Round "8"]
[White "Barlocco, Carlo"]
[Black "Dittmar, Peter"]
[Result "1/2-1/2"]
[WhiteElo "2093"]
[BlackElo "2344"]
[PlyCount "96"]
[EventDate "2013.08.31"]
[EventType "swiss"]
[EventRounds "9"]
[EventCountry "ITA"]
[SourceTitle "CBM 156 Extra"]
[Source "ChessBase"]
[SourceDate "2013.10.22"]
[SourceVersion "1"]
[SourceVersionDate "2013.10.22"]
[SourceQuality "1"]

1. d4 Nf6 2. Nf3 e6 3. c4 d5 4. e3 Be7 5. Nc3 0-0 6. Be2 dxc4 7. Bxc4 c5 8. 0-0 a6 9. dxc5 Bxc5 10. a3 Qc7 11. Qe2 b5 12. Ba2 Bb7 13. Bd2 Ng4 14. e4 Nc6 15. g3 Rad8 16. Rac1 Qd6 17. Bf4 Qd3 18. h3 Nf6 19. Qxd3 Rxd3 20. Kg2 Bb6 21. Bb1 Rd7 22. Rfd1 Rfd8 23. Rxd7 Rxd7 24. Rd1 Rxd1 25. Nxd1 Na5 26. Nc3 Nc4 27. Bc1 Nd7 28. Nd2 Nd6 29. Kf1 Kf8 30. Ke2 Ke7 31. Nb3 Nc4 32. Nd2 Nxd2 33. Bxd2 Bd4 34. Be3 Bxe3 35. Kxe3 e5 36. Ba2 Nb6 37. Kd3 f6 38. Bg8 h6 39. Ba2 Bc8 40. h4 Be6 41. Bxe6 Kxe6 42. b3 Nd7 43. f3 Kd6 44. Nd5 Nc5+ 45. Kc2 Ne6 46. Kc3 Nd4 47. Ne3 h5 48. Nf5+ Nxf5 1/2-1/2

[Event "ITA-ch Seniors 35th"]
[Site "Arco"]
[Date "2013.04.20"]
[Round "9"]
[White "Micheli, Carlo"]
[Black "Barlocco, Carlo"]
[Result "1-0"]
[WhiteElo "2297"]
[BlackElo "2094"]
[PlyCount "127"]
[EventDate "2013.04.12"]
[EventType "swiss"]
[EventRounds "9"]
[EventCountry "ITA"]
[SourceTitle "CBM 154 Extra"]
[Source "ChessBase"]
[SourceDate "2013.06.25"]
[SourceVersion "2"]
[SourceVersionDate "2013.06.25"]
[SourceQuality "1"]

1. c4 Nf6 2. g3 Nc6 3. Bg2 e6 4. Nf3 d5 5. b3 Be7 6. 0-0 0-0 7. Bb2 b6 8. d3 Bb7 9. Nc3 Re8 10. a3 Bf8 11. e3 Ne7 12. Qe2 Ng6 13. e4 d4 14. Nb1 c5 15. b4 e5 16. b5 Bd6 17. Nbd2 Nd7 18. h4 a5 19. h5 Ngf8 20. Nh4 Ne6 21. Ndf3 Be7 22. Nf5 Bf8 23. Bc1 Be7 24. Nh2 g6 25. Nxe7+ Qxe7 26. f4 exf4 27. gxf4 Ng7 28. hxg6 hxg6 29. Qf2 f5 30. e5 Nf8 31. Ra2 Nfe6 32. Bd5 Rad8 33. Qg2 Rd7 34. Qxg6 Qf7 35. Rg2 Qxg6 36. Rxg6 Kf7 37. Rf6+ Ke7 38. Bxb7 Rxb7 39. Rf2 Rh8 40. Nf3 Rbb8 41. Rg2 Rh5 42. Bd2 Rbh8 43. Kf2 Rh1 44. Rfg6 Nh5 45. Rxe6+ Kxe6 46. Rg6+ Kf7 47. Rxb6 Ra1 48. Rb7+ Kg8 49. b6 Ra2 50. Rc7 Nxf4 51. b7 Nxd3+ 52. Kg3 Rb2 53. Rc8+ Kg7 54. Rxh8 Rxb7 55. Ra8 Rb3 56. Ra7+ Kg8 57. Kh4 Nb2 58. e6 Nxc4 59. Ra8+ Kg7 60. e7 Nd6 61. Bf4 Ne8 62. Ng5 Rb7 63. Rxe8 d3 64. Kh5 1-0

[Event "ITA-ch Seniors 35th"]
[Site "Arco"]
[Date "2013.04.18"]
[Round "7"]
[White "Albano, Marco"]
[Black "Barlocco, Carlo"]
[Result "1-0"]
[WhiteElo "2235"]
[BlackElo "2094"]
[PlyCount "115"]
[EventDate "2013.04.12"]
[EventType "swiss"]
[EventRounds "9"]
[EventCountry "ITA"]
[SourceTitle "CBM 154 Extra"]
[Source "ChessBase"]
[SourceDate "2013.06.25"]
[SourceVersion "2"]
[SourceVersionDate "2013.06.25"]
[SourceQuality "1"]

1. e4 e5 2. Nf3 Nc6 3. Bb5 Nf6 4. 0-0 Nxe4 5. d4 Nd6 6. Bxc6 dxc6 7. dxe5 Nf5 8. Qxd8+ Kxd8 9. Nc3 Be6 10. b3 Ke8 11. Ne4 h6 12. Bb2 Rd8 13. c4 Be7 14. Rad1 Rd7 15. h3 Kd8 16. g4 Nh4 17. Nd4 c5 18. Nxe6+ fxe6 19. Rxd7+ Kxd7 20. f4 Rf8 21. Ng3 Ng6 22. f5 Nh8 23. Ne4 Nf7 24. h4 b6 25. f6 gxf6 26. exf6 Bd6 27. g5 hxg5 28. hxg5 Rg8 29. Bc1 Be5 30. Kf2 Bd4+ 31. Ke2 Ke8 32. Rf3 Be5 33. Rf2 Bd6 34. Rg2 Rg6 35. Kf3 Ne5+ 36. Ke3 Nf7 37. Bb2 Kf8 38. Rg1 Kg8 39. Kf3 Be5 40. Bxe5 Nxe5+ 41. Kf4 Nd3+ 42. Kg4 Ne5+ 43. Kf4 Nd3+ 44. Ke3 Ne5 45. Rd1 Nf7 46. Kf4 a5 47. Rd7 Nxg5 48. Nxg5 Rxf6+ 49. Ke3 Rg6 50. Nf3 Rg2 51. Nd2 Rg7 52. Rxg7+ Kxg7 53. Ne4 Kf7 54. Nc3 Ke7 55. Ke4 c6 56. Ke5 Kd7 57. Na4 Kc7 58. Kxe6 1-0

[Event "ITA-ch Seniors 35th"]
[Site "Arco"]
[Date "2013.04.15"]
[Round "4"]
[White "Barlocco, Carlo"]
[Black "Beltrami, Nerio"]
[Result "1-0"]
[WhiteElo "2094"]
[BlackElo "1907"]
[PlyCount "57"]
[EventDate "2013.04.12"]
[EventType "swiss"]
[EventRounds "9"]
[EventCountry "ITA"]
[SourceTitle "CBM 154 Extra"]
[Source "ChessBase"]
[SourceDate "2013.06.25"]
[SourceVersion "2"]
[SourceVersionDate "2013.06.25"]
[SourceQuality "1"]

1. e4 g6 2. d4 Bg7 3. Nf3 d6 4. Nc3 Nc6 5. Be3 Nf6 6. Be2 0-0 7. Qd2 Ng4 8. Bg5 h6 9. Bh4 g5 10. Bg3 e5 11. d5 Nd4 12. Nxd4 exd4 13. Nb5 d3 14. cxd3 f5 15. Bxg4 fxg4 16. Rc1 Rf7 17. Qc2 a6 18. Nxc7 Rb8 19. 0-0 Bd4 20. Kh1 Bb6 21. Ne6 Bxe6 22. dxe6 Re7 23. Qc4 Bc7 24. d4 b5 25. Qc2 h5 26. f3 h4 27. Be1 d5 28. e5 Qe8 29. Bb4 1-0

[Event "ITA-ch Seniors 35th"]
[Site "Arco"]
[Date "2013.04.13"]
[Round "2"]
[White "Barlocco, Carlo"]
[Black "D'Aulisa, Francesco"]
[Result "1-0"]
[WhiteElo "2094"]
[BlackElo "1730"]
[PlyCount "77"]
[EventDate "2013.04.12"]
[EventType "swiss"]
[EventRounds "9"]
[EventCountry "ITA"]
[SourceTitle "CBM 154 Extra"]
[Source "ChessBase"]
[SourceDate "2013.06.25"]
[SourceVersion "2"]
[SourceVersionDate "2013.06.25"]
[SourceQuality "1"]

1. e4 d6 2. d4 e6 3. Nc3 a6 4. f4 Be7 5. Nf3 Nd7 6. Bd3 Bh4+ 7. Nxh4 Qxh4+ 8. g3 Qd8 9. Qg4 g6 10. f5 Ndf6 11. Qh4 Nh5 12. Qxd8+ Kxd8 13. fxg6 hxg6 14. 0-0 f5 15. Bg5+ Ne7 16. d5 Rf8 17. dxe6 Bxe6 18. exf5 gxf5 19. Rae1 Kd7 20. Bxe7 Kxe7 21. Nd5+ Kd7 22. Rxe6 Kxe6 23. Nxc7+ Ke7 24. Nxa8 Rxa8 25. Rxf5 Nf6 26. Rg5 b5 27. Rg7+ Ke6 28. a3 d5 29. Kg2 Ke5 30. h4 Kd4 31. g4 Re8 32. Rg6 Ne4 33. h5 Rf8 34. h6 Nf6 35. Rxf6 Rxf6 36. g5 Rf8 37. g6 Ke5 38. g7 Rg8 39. Bh7 1-0

[Event "ITA-ch Seniors 35th"]
[Site "Arco"]
[Date "2013.04.12"]
[Round "1"]
[White "Bortolotti, Silvano"]
[Black "Barlocco, Carlo"]
[Result "1-0"]
[WhiteElo "1778"]
[BlackElo "2094"]
[PlyCount "47"]
[EventDate "2013.04.12"]
[EventType "swiss"]
[EventRounds "9"]
[EventCountry "ITA"]
[SourceTitle "CBM 154 Extra"]
[Source "ChessBase"]
[SourceDate "2013.06.25"]
[SourceVersion "2"]
[SourceVersionDate "2013.06.25"]
[SourceQuality "1"]

1. e4 e5 2. Nf3 Nc6 3. d4 exd4 4. Bc4 d6 5. Nxd4 Nf6 6. Nc3 Be7 7. 0-0 0-0 8. Nxc6 bxc6 9. Bd3 Bd7 10. h3 Re8 11. f4 Bf8 12. Re1 Qb8 13. b3 g6 14. Bb2 Bg7 15. Qf3 Qb7 16. Rab1 c5 17. Nd5 Nxd5 18. Bxg7 Nxf4 19. Bb2 Ne6 20. Bc4 Rf8 21. Qf6 Nd4 22. Bc1 d5 23. Bh6 Ne6 24. exd5 1-0